Statistics for Closest Countries to North Korea

Click here to take the quiz!

General Stats

  • This quiz has been taken 27,366 times
  • The average score is 17 of 20

Answer Stats

km country % Correct
0South Korea
100%
0China
99%
418Japan
99%
0Russia
98%
2440Vietnam
93%
768Mongolia
93%
2849India
91%
2766Laos
90%
3014Thailand
89%
1439Taiwan
88%
1941Philippines
87%
3203Cambodia
87%
3135United States
84%
2731Myanmar
82%
3492Malaysia
81%
3357Bangladesh
75%
3357Bhutan
75%
3092Kazakhstan
67%
3355F.S. Micronesia
43%
3425Palau
38%

Score Distribution

Percentile by Number Answered

Percent of People with Each Score

Your Score History

You have not taken this quiz